MARC

LEADER 00000nam0a2200000 4500
001 283705
005 20231101235625.0
020 |a RU  |b 85-11901 
035 |a (RuTPU)RU\TPU\book\307829 
090 |a 283705 
100 |a 20150210d1985 km y0rusy5003 ca 
101 0 |a rus 
102 |a RU 
105 |a a z 001zy 
200 1 |a Эффективность визуального поиска  |f Н. П. Травникова 
210 |a Москва  |c Машиностроение  |d 1985 
215 |a 129 с.  |c ил. 
320 |a Библиографический указатель: с. 125-127 
606 1 |a Оптические наблюдения  |2 stltpush  |3 (RuTPU)RU\TPU\subj\47213  |9 66270 
610 1 |a визуальный поиск 
610 1 |a эффективность 
610 1 |a точечные источники 
610 1 |a свет 
610 1 |a поиск 
610 1 |a обнаружение 
610 1 |a объекты 
610 1 |a прогнозирование 
675 |a 535.24  |v 3 
700 1 |a Травникова  |b Н. П.  |g Нина Павловна 
801 0 |a RU  |b RuMRKP  |c 19950704  |g psbo 
801 1 |a RU  |b 63413507  |c 20150210 
801 2 |a RU  |b 63413507  |c 20190812  |g RCR 
942 |c BK